Ładuje się......

Vogel`s textbook of quantitative chemical analysis

Opis bibliograficzny
Główni autorzy: Bassett, J; Editor, Denney, R C; Editor, Jeffery, G H; Editor, Mendham, J; Editor
Format: Printed Book
Wydane: England, Longman 1989
Wydanie:5th ed
Hasła przedmiotowe:
LEADER 006860000a22002170004500
020 |a 0-]582-05911-9 
082 |a 543.1 M9 
100 |a Bassett, J; Editor 
100 |a Denney, R C; Editor 
100 |a Jeffery, G H; Editor 
100 |a Mendham, J; Editor 
245 |a Vogel`s textbook of quantitative chemical analysis 
250 |a 5th ed 
260 |a England, Longman 
260 |c 1989 
465 |a P 6.95 
500 |a rev by Jeffery... etal 
650 |a Chemistry, Analytic-Quantitative 
942 |c BK 
999 |c 11244  |d 11244 
952 |0 0  |1 0  |4 0  |6 543_100000000000000_M9  |7 0  |8 ENG  |9 11040  |a MGUL  |b MGUL  |d 2013-07-16  |e P 6.95  |l 9  |m 3  |o 543.1 M9  |p 11487  |r 2020-02-18  |s 2020-01-20  |w 2013-07-16  |y BK